| 000 | 01047nas a2200337 4500 | ||
|---|---|---|---|
| 001 | BR0802490 | ||
| 003 | BR-BrBNA | ||
| 005 | 20231205112024.0 | ||
| 007 | ta | ||
| 008 | 230509b bl.|||p| |||| 00| 00por d | ||
| 040 |
_aBR-BrBNA _bpor _cBiblioteca Nacional de Agricultura |
||
| 041 | _a(Pt) | ||
| 072 | _aL02 | ||
| 100 | 1 | _aSilva, G. de A. | |
| 100 | 1 | _aSouza, B.B. de | |
| 100 | 1 | _aAlfaro, C.E.P. | |
| 100 | 1 | _aAzevedo Neto, J. | |
| 100 | 1 | _aAzevedo, S.A. | |
| 100 | 1 | _aSilva, E.M.N. da | |
| 100 | 1 | _aSilva, R.M.N. da | |
| 245 | 1 | _aInfluência da dieta com diferentes níveis de lipídeo e proteína na resposta fisiológica e hematológica de reprodutores caprinos sob estresse térmico | |
| 650 | _aCAPRINO | ||
| 650 | _aDIETA | ||
| 650 | _aNUTRIÇÃO ANIMAL | ||
| 650 | _aLIPÍDIO | ||
| 650 | _aPROTEÍNA | ||
| 650 | _aCAMPINA GRANDE | ||
| 773 | 0 |
_tCiência e Agrotecnologia (Brazil) _xISSN 1413-7054 _g(Jan-Feb 2006), v. 30(1) p. 154- _wBR0802490 |
|
| 909 |
_a202311 _bLúcia _c55 _dLúcia Elande |
||
| 942 |
_2AGRIS _n0 _cANA |
||
| 999 |
_c195680 _d195680 |
||